Top 20 most important and famous people from Belgium - Statistics

General Stats
  • This quiz has been taken 80 times
  • The average score is 9 of 20
Answer Stats
Hint Answer % Correct
King of the Belgians from 1865 to 1909 and the self-made autocratic ruler of the Congo Free State from 1885 to 1908 Leopold II
83%
Musician and inventor of a famous musical instrument in the early 1840s Adolphe Sax
75%
Actor, martial artist and fight choreographer. Famous for his roles in Lionheart and Kickboxer Jean-Claude Van Damme
75%
Footballer, who played in Chelsea and Real Madrid Eden Hazard
73%
The most successful rider in the history of competitive cycling, 5 winner of Tour de France, 5 times winner of Giro d'Italia and one time winner of Vuelta a Espana Eddy Merckx
69%
Footballer, who played in Wolfsburg and Manchester City Kevin De Bruyne
68%
Cartoonist, creator of The Adventures of Tintin Hergé
59%
Rapper, Alors On Danse, Formidable Stromae
59%
Surrealist artist, painter of The Treachery of Images and The Son of Man René Magritte
58%
King from 2013 Philippe
56%
King during World War One Albert I
53%
Singer and actor considered a master of the modern chanson Jacques Brel
39%
Catholic priest and member of the Congregation of the Sacred Hearts of Jesus and Mary, a missionary religious institute. In the Kingdom of Hawaiʻi he helped people with leprosy Father Damien
31%
Writer, creator of the fictional detective Jules Maigret Georges Simenon
31%
Romani-Belgian jazz guitarist and composer. He was one of the first major jazz talents to emerge in Europe Django Reinhardt
27%
Architect, one of the founders of the Art Nouveau movement Victor Horta
22%
Writer, leading member of La Jeune Belgique group and Symbolist movement, winner of Nobel Prize in Literature in 1911 Maurice Maeterlinck
15%
Physicist, the first to theorize that the recession of nearby galaxies can be explained by an expanding universe and also he proposed the Big Bang theory Georges Lemaître
14%
Physicist, who made contributions in statistical physics, quantum field theory, cosmology, string theory and supergravity, winner of Nobel Prize in Physics in 2013 François Englert
7%
Biologists, winners of Nobel Prize in Medicine in 1974, they published the first detailed structure of cell Albert Claude/Christian de Duve
5%
No matching quizzes found
Score Distribution
Percent of People with Each Score
Percentile by Number Answered
Your Score History
You have not taken this quiz